Todos los futbolistas españoles que han jugado en la Premier League - Estadísticas

Estadísticas generales
  • Esta prueba ha sido intentada 341 veces
  • La puntuación promedio es 27 de 162
Estadísticas de respuestas
Año de Debut Club de Debut Jugador % Correcto
2020 Manchester City Ferrán Torres
91%
2007 Liverpool Fernando Torres
88%
2023 Aston Villa Pau Torres
88%
2019 Manchester City Rodri
77%
2004 Arsenal Cesc Fábregas
65%
2010 Manchester City Silva
65%
2011 Chelsea Mata
64%
2011 Bolton Marcos Alonso
61%
2007 Bolton Mikel Alonso
61%
2004 Liverpool Xabi Alonso
61%
2011 Manchester United De Gea
55%
2021 Brentford Raya
53%
2011 Bolton Rodrigo Moreno
53%
2004 Liverpool Luís García
49%
2016 Manchester City Manu García
48%
2012 Swansea Michu
47%
2020 Brighton Robert Sánchez
45%
2012 Chelsea Azpilicueta
42%
2013 Manchester City Jesús Navas
42%
2014 Liverpool Alberto Moreno
40%
2022 Aston Villa Alex Moreno
40%
2004 Bolton Javi Moreno
40%
2023 Tottenham Pedro Porro
40%
2020 Leeds Diego Llorente
38%
2016 Swansea Fernando Llorente
38%
2015 Chelsea Pedro
38%
2012 Arsenal Cazorla
37%
2018 Chelsea Kepa
37%
2007 West Ham Kepa Blanco
37%
2015 Aston Villa Adama
36%
2005 Liverpool Reina
36%
2005 Manchester United Piqué
35%
2017 Chelsea Morata
33%
2014 Chelsea Diego Costa
32%
2017 Newcastle Mikel Merino
32%
2020 Liverpool Thiago
32%
2005 Everton Arteta
31%
2013 Liverpool Iago Aspas
28%
2020 Tottenham Reguilón
27%
2019 West Ham Fornals
26%
2013 Manchester City Negredo
26%
2015 Manchester United Victor Valdés
26%
2024 Chelsea Marc Guiu
25%
2016 Manchester City Nolito
24%
2007 Liverpool Arbeloa
23%
2023 Brighton Ansu Fati
22%
2014 Arsenal Bellerín
22%
2024 West Ham Carlos Soler
22%
2018 Manchester City Laporte
22%
2013 Arsenal Nacho Monreal
22%
2024 Bournemouth Dean Huijsen
21%
2016 Arsenal Lucas Pérez
21%
2014 Manchester United Ander Herrera
20%
2009 Swansea Jordi Gómez
20%
2023 Wolves Sarabia
20%
2022 Manchester City Sergio Gómez
20%
2013 Tottenham Soldado
20%
2004 Arsenal Reyes
19%
2013 West Ham Adrián
18%
2014 Newcastle Ayoze
17%
2011 Swansea Ángel Rangel
16%
2014 Stoke Bojan
16%
2021 Tottenham Bryan Gil
16%
2004 Arsenal Almunia
15%
2019 Manchester City Eric García
15%
2021 Brentford Álvaro Fernández
14%
2013 Everton Deulofeu
14%
2018 Wolves Jonny Otto
14%
2016 Leicester Luis Hernández
14%
2011 Chelsea Oriol Romeu
14%
2012 Swansea Pablo Hernández
14%
2011 Wigan Adrián López
13%
2019 Arsenal Ceballos
13%
2017 Stoke Jesé
11%
2015 Stoke Joselu
11%
1998 Chelsea Albert Ferrer
9%
2002 Bolton Iván Campo
9%
2021 Chelsea Saúl
9%
2022 Liverpool Stefan Bajcetic
9%
2005 Chelsea Del Horno
8%
2018 Crystal Palace Guaita
8%
2020 Arsenal Pablo Marí
8%
2019 Manchester City Angeliño
7%
2019 Arsenal Denis Suárez
7%
2007 Newcastle José Enrique
7%
2014 Liverpool Manquillo
7%
2016 Watford Mario Suárez
7%
2006 Manchester City Albert Riera
6%
2022 Leeds Marc Roca
6%
2012 Liverpool Suso
6%
2021 Leeds Casilla
5%
2022 Wolves Hugo Bueno
5%
2012 Manchester City Javi García
5%
2016 Liverpool Sergi Canós
5%
2016 Swansea Borja Bastón
4%
2017 Leicester Iborra
4%
2003 Middlesbrough Mendieta
4%
2013 Stoke Muniesa
4%
2004 Liverpool Antonio Núñez
3%
2017 Brighton Bruno Saltor
3%
2012 Swansea Chico Flores
3%
2018 Bournemouth Diego Rico
3%
2013 Wigan Joel
3%
2017 Watford Kiko Femenía
3%
2013 Liverpool Luis Alberto
3%
2005 Newcastle Luque
3%
2022 Leeds Mateo Joseph
3%
2010 Birmingham Michel
3%
1992 Tottenham Nayim
3%
2014 Manchester City Pozo
3%
2018 Fulham Sergio Rico
3%
2019 Wolves Vallejo
3%
2016 Manchester City Aleix García
2%
2018 Cardiff Camarasa
2%
2007 Bolton César Marín
2%
2009 Arsenal Fran Mérida
2%
2019 Aston Villa Jota Peleteiro
2%
2018 Brighton Montoya
2%
2019 West Ham Roberto
2%
2017 Everton Sandro
2%
2013 Swansea Álvaro Vázquez
1%
2016 Middlesbrough Barragán
1%
2015 Aston Villa Carles Gil
1%
2008 Aston Villa Carlos Cuéllar
1%
2016 Liverpool Chirivella
1%
2015 Aston Villa Crespo
1%
2002 Chelsea De Lucas
1%
2008 West Ham Diego Tristán
1%
2011 Arsenal Ignasi Miquel
1%
2007 Manchester City Javier Garrido
1%
2004 Liverpool Josemi
1%
2015 Southampton Juanmi
1%
2015 Watford Jurado
1%
2013 Swansea Pozuelo
1%
2003 Manchester United Ricardo
1%
2017 Swansea Roque Mesa
1%
2007 Birmingham Borja Oubiña
0%
2008 West Bromwich Borja Valero
0%
2014 Cardiff Cala
0%
2013 Wigan Campabadal
0%
2013 Crystal Palace Campaña
0%
2013 Swansea Cañas
0%
2011 Wigan Crusat
0%
2009 Liverpool Daniel Ayala
0%
2004 Blackburn Rovers De Pedro
0%
2018 Fulham Fabri
0%
2013 Wigan Golobart
0%
2012 Tottenham Iago Falque
0%
2017 Newcastle Jesús Gámez
0%
2022 Southampton Larios
0%
2013 Aston Villa Luna
0%
1999 Newcastle Marcelino
0%
2018 Watford Marc Navarro
0%
2001 Ipswich Pablo Couñago
0%
2010 West Bromwich Pablo Ibañez
0%
2009 Liverpool Pacheco
0%
2012 Wigan Ramis
0%
2003 Leeds Raúl Bravo
0%
2011 Blackburn Rovers Rochina
0%
2002 Bolton Salva Ballesta
0%
2008 Newcastle Xisco
0%
2002 Blackburn Rovers Yordi
0%
No se encontraron pruebas coincidentes
Distribución de puntuación
Porcentaje de gente con cada puntuación
Porcentaje por número respondido
Historial de tus puntuaciones
No has intentado esta prueba.